000 00318nam a22001337a 4500
008 190305b xxu||||| |||| 00| 0 eng d
020 _a9780534264727
041 _aeng
080 _24th
_a371
100 _a25
101 _aEDU
245 _aCollege Reading with Active Critical Thinking
_cMaker, J
942 _2udc
_cBK
999 _c54478
_d54478